|
|
|
|
| LEADER |
00805nam a2200205 a 4500 |
| 001 |
4034 |
| 008 |
130620s1980 mau p 000 0 eng d |
| 010 |
|
|
|a 79013802
|
| 020 |
|
|
|a 020100836X
|
| 040 |
|
|
|a DLC
|c DLC
|d DLC
|d BD-DhAAL
|
| 082 |
0 |
0 |
|a 658.3/02/077
|
| 100 |
1 |
|
|a Burby, Raymond J.,
|d 1916-
|
| 245 |
1 |
0 |
|a Introduction to creative supervision /
|c Raymond J. Burby.
|
| 260 |
|
|
|a Reading, Mass. :
|b Addison-Wesley Pub. Co.,
|c c1980.
|
| 300 |
|
|
|a x, 164 p. ;
|c 24 cm.
|
| 541 |
|
|
|e 4034
|
| 650 |
|
0 |
|a Supervision of employees
|x Programmed instruction.
|
| 852 |
1 |
|
|a Ayesha Abed Library
|j General shelf.
|
| 999 |
|
|
|c 13620
|d 13620
|
| 952 |
|
|
|0 0
|1 0
|2 ddc
|4 0
|6 658_302077000000000_BUR
|7 0
|9 22789
|a BRACUL
|b BRACUL
|c GEN
|d 2013-06-23
|g 0.00
|l 1
|o 658.302077 BUR
|p 3010004034
|r 2020-01-26
|s 2020-01-21
|t 1
|w 2013-06-23
|y BK
|z Not price in Register
|